[Event "Mechanics' Fall TNM; G/2 d5"]
[Site "San Francisco"]
[Date "2017.12.12"]
[Round "8.39"]
[White "Greene, Sam"]
[Black "Casares, Nick"]
[Result "1-0"]
[WhiteElo "1625"]
[BlackElo "1600"]
[Annotator "Donaldson"]
[PlyCount "103"]
[EventDate "2017.??.??"]

1. e4 e5 2. Nf3 Nc6 3. Bb5 a6 4. Ba4 b5 5. Bb3 Nf6 6. Ng5 $6 {
The inclusion of ...a6 and ...b5 helps Black.} d5 7. exd5 Nd4 $1 (7... Nxd5 $2
8. Nxf7 (8. d4 {is not good here.}) (8. Qf3 Qxg5 9. Bxd5 Nd4 10. Bxf7+ Ke7 11.
Qxa8 Kxf7 12. O-O Bd7 {
offers interesting compensation for the sacrificed material.}) 8... Kxf7 9.
Qf3+ Ke6 10. Nc3 Nce7 11. d4 {appears to leave to a good version of the Fried
Liver Attack with the more secure location of the bishop on b3 outweighing the
inclusion of ...a6 and ...b5.}) 8. d6 $6 (8. O-O) 8... Nxb3 9. dxc7 {
Diagram [#]} Qd6 (9... Qd5 $1 10. axb3 Qxg2 11. Qf3 Qxf3 12. Nxf3 Bb7 $17) 10.
axb3 h6 11. Nf3 Bg4 (11... e4 $1) 12. h3 Bxf3 13. Qxf3 e4 14. Qf5 Qxc7 15. Nc3
Qb7 16. O-O Be7 17. Re1 O-O 18. Nxe4 Nxe4 19. Qxe4 Qxe4 20. Rxe4 Bf6 21. d4
Rfc8 22. c3 Rd8 23. Bf4 b4 24. Rc1 bxc3 25. bxc3 g5 26. Be5 Bxe5 27. dxe5 Rd3
28. Re3 Rxe3 29. fxe3 Re8 30. Kf2 Rxe5 31. c4 f5 32. c5 Kf7 33. b4 Re4 34. c6
Re8 35. Ra1 f4 36. exf4 gxf4 37. Rxa6 Re6 38. Ra7+ Ke8 39. b5 Kd8 40. Kf3 Rf6
41. Rd7+ Kc8 42. Ke4 f3 43. gxf3 Rg6 44. Kd4 Rf6 45. Ke4 Rg6 46. h4 Re6+ 47.
Kf5 Re3 48. f4 Rb3 49. Rd5 Kc7 50. Kg6 Kb6 51. f5 Rg3+ 52. Kxh6 1-0

[Event "Mechanics' Summer TNM; G/2 d5"]
[Site "San Francisco"]
[Date "2017.07.18"]
[Round "8.14"]
[White "Greene, Sam"]
[Black "Chan, John"]
[Result "1-0"]
[WhiteElo "1521"]
[BlackElo "1582"]
[Annotator "Donaldson"]
[PlyCount "119"]
[EventDate "2017.??.??"]

1. e4 e6 2. d4 d5 3. e5 h6 4. c4 c6 5. Nc3 a6 6. a4 Ne7 7. f4 Nf5 8. Nf3 h5 9.
Bd3 Be7 10. O-O g6 11. Qc2 (11. Qe2 Nd7 12. b3 Kf8 13. Ba3 Kg7 14. Rfb1) 11...
Bd7 12. c5 a5 13. Qb3 Qc7 14. Bd2 Na6 15. Nd1 Rb8 16. Bxa6 bxa6 17. Qc3 (17.
Bxa5 $2 Rxb3 18. Bxc7 Nxd4 $1 19. Nxd4 Bxc5) 17... Bd8 18. Rb1 O-O 19. Ne3 Ng7
20. g4 $6 (20. h3 $1) 20... Rb7 $6 (20... hxg4 21. Nxg4 Nf5 22. Ne3 Kg7 23.
Nxf5+ exf5 24. Kf2 Rh8) 21. Rf2 (21. h3) 21... Qb8 22. b3 Rb4 23. Qc2 Rb7 24.
Rg2 Be7 25. Bxa5 hxg4 26. Rxg4 Nf5 27. Nxf5 exf5 28. Rg3 Kg7 29. Bb6 Rh8 30.
Qg2 Rh6 31. Kf2 Qh8 32. Rh1 Rb8 33. Ke3 Bd8 34. a5 Bxb6 35. axb6 Bc8 36. b4 Rb7
37. Qa2 Re7 38. Kd3 Kf8 39. b5 axb5 40. Qa8 Kg7 41. Qxc6 Re6 42. Qxb5 Rh3 43.
Qb1 Ba6+ 44. Kd2 Rh5 45. h4 Qe8 46. Qb4 Qc6 47. Rg5 Re8 48. Rxh5 gxh5 49. Ng5
f6 50. Nf3 Kh6 51. Rg1 Qa8 52. Qc3 Bc4 53. Ra1 Qc6 54. Qb4 Bb5 55. Qb1 Rg8 56.
Ne1 Kg6 57. Nc2 Rg7 58. Ne3 fxe5 59. Qxf5+ Kh6 60. Qxe5 1-0

[Event "Mechanics' Peter Grey TNM; G/2 d5"]
[Site "San Francisco"]
[Date "2017.09.12"]
[Round "6.37"]
[White "Greene, Sam"]
[Black "Harris, Clarence"]
[Result "1-0"]
[WhiteElo "1507"]
[BlackElo "1422"]
[PlyCount "45"]
[EventDate "2017.??.??"]

1. e4 e5 2. Bc4 Nf6 3. Nc3 Nc6 4. d3 Be7 5. a3 d6 6. h3 Nd4 7. Nge2 Bd7 8. Nxd4
exd4 9. Ne2 c5 10. f4 Bc6 11. Ba2 O-O 12. O-O b5 13. Ng3 Qc7 14. Bd2 c4 15. Nf5
Rae8 16. Nxd4 Qb6 17. Be3 cxd3 18. cxd3 d5 19. Nf5 Qb7 20. e5 Nd7 21. Rc1 d4
22. Bxd4 Bxg2 23. Qg4 1-0

[Event "Mechanics' Fall TNM; G/2 d5"]
[Site "San Francisco"]
[Date "2017.10.31"]
[Round "2.22"]
[White "Greene, Sam"]
[Black "Porlares, Teodoro"]
[Result "0-1"]
[WhiteElo "1625"]
[BlackElo "1854"]
[Annotator "Donaldson"]
[PlyCount "62"]
[EventDate "2017.??.??"]

1. d4 Nf6 2. c4 e6 3. Nc3 d5 4. Nf3 Bb4 5. Bg5 h6 6. Bd2 O-O 7. e3 c5 8. Bd3
cxd4 9. Nxd4 Nc6 10. Nxc6 bxc6 11. a3 Bd6 12. O-O Ba6 13. Qe2 dxc4 14. Bc2 (14.
Bxc4 Bxc4 15. Qxc4 Bxh2+) 14... Rb8 15. Rab1 Qc7 16. h3 Rbd8 17. e4 e5 18. Qf3
Bxa3 19. Bxh6 Bxb2 20. Na4 Bd4 21. Bg5 Rd6 22. Nc3 Nh7 23. Bh4 g5 24. Ne2 (24.
Bg3 Rf6) 24... gxh4 25. Nxd4 Rxd4 26. Qg4+ Kh8 27. Qxh4 Kg8 28. f4 Rd2 29. Rf2
Rxf2 30. Qxf2 Qd7 31. f5 Qd4 0-1

[Event "Mechanics' Fall TNM; G/2 d5"]
[Site "San Francisco"]
[Date "2017.12.05"]
[Round "7.46"]
[White "Greene, Sam"]
[Black "Shinejil, Maximus"]
[Result "1-0"]
[WhiteElo "1625"]
[BlackElo "931"]
[PlyCount "41"]
[EventDate "2017.??.??"]

1. e4 e5 2. Nf3 Nc6 3. Bb5 Nf6 4. O-O Nxe4 5. d4 Nxd4 6. Nxd4 exd4 7. Re1 Qh4
8. g3 Qe7 9. f3 Qc5 10. Rxe4+ Be7 11. Bd3 d5 12. Re1 Bh3 13. Qe2 Be6 14. b3 Bh3
15. Ba3 Qxa3 16. Nxa3 O-O-O 17. Qxe7 Rhe8 18. Qxf7 Bd7 19. Bf5 Rxe1+ 20. Rxe1
Bxf5 21. Qxf5+ 1-0

[Event "Mechanics' Peter Grey TNM; G/2 d5"]
[Site "San Francisco"]
[Date "2017.09.26"]
[Round "8.20"]
[White "Greene, Sam"]
[Black "Stolpe, Samuel"]
[Result "1-0"]
[WhiteElo "1507"]
[BlackElo "1706"]
[PlyCount "59"]
[EventDate "2017.??.??"]

1. e4 e6 2. d4 d5 3. e5 c5 4. c3 Nc6 5. Nf3 Nge7 6. dxc5 Ng6 7. Bb5 Bd7 8. Bxc6
Bxc6 9. b4 Qc7 10. Qe2 a6 11. a4 a5 12. O-O axb4 13. cxb4 Rxa4 14. Rxa4 Bxa4
15. Nc3 Bd7 16. h4 h5 17. Nb5 Bxb5 18. Qxb5+ Qd7 19. Qa5 Be7 20. g3 O-O 21. Be3
Bd8 22. Qa3 Bc7 23. Bd4 Qb5 24. Ra1 f6 25. Qe3 Qxb4 26. exf6 e5 27. Bxe5 Nxe5
28. Nxe5 Qb2 29. f7+ Kh7 30. Qd3+ 1-0

[Event "Mechanics' Summer TNM; G/2 d5"]
[Site "San Francisco"]
[Date "2017.06.13"]
[Round "4.14"]
[White "Gurovich, Roman"]
[Black "Argo, Guy"]
[Result "1/2-1/2"]
[WhiteElo "1679"]
[BlackElo "1988"]
[Annotator "Winslow"]
[PlyCount "69"]
[EventDate "2017.??.??"]

1. a4 e5 2. b3 $15 d5 3. Na3 $17 c6 4. Bb2 Bd6 5. h3 f5 6. Ra2 $6 Nf6 7. Qa1
$19 {(Well it worked for Reti...)} Nbd7 8. Nf3 Qe7 9. c4 O-O (9... d4 $1) 10.
cxd5 Nxd5 11. Bc3 $2 (11. Nc4) 11... Nxc3 (11... e4) 12. dxc3 e4 13. Nd4 e3 14.
Nc4 exf2+ (14... f4 $1) 15. Kxf2 Qh4+ 16. Ke3 $2 {Diagram [#]} Nc5 $6 (16...
Bf4+ 17. Kd3 b5 $1 18. axb5 cxb5 19. Nxb5 (19. Nb2 Be5 20. Kc2 Bxd4 21. cxd4
Bb7) 19... Nc5+ 20. Kc2 Be6) 17. Nxd6 Qg3+ (17... Be6 $5) 18. Kd2 Qxd6 19. Kc2
f4 20. Qe1 Ne4 (20... Qe5) 21. e3 Ng3 22. Bc4+ Kh8 23. Rg1 c5 $2 (23... Re8 $1
$19) 24. exf4 (24. Nb5 Qe5 25. exf4) 24... cxd4 (24... Qxf4 25. Ne2 $15) 25.
Qxg3 dxc3 26. Qxc3 Qxf4 27. Rf1 Bf5+ 28. Kb2 Qd6 29. Raa1 Be4 30. Rad1 Qc7 31.
Qb4 Qe5+ 32. Ka3 Rxf1 33. Rxf1 h6 34. Rf8+ Rxf8 35. Qxf8+ 1/2-1/2

[Event "Mechanics' Summer TNM; G/2 d5"]
[Site "San Francisco"]
[Date "2017.07.11"]
[Round "7.22"]
[White "Gurovich, Roman"]
[Black "White, Benjamin M"]
[Result "1-0"]
[WhiteElo "1679"]
[BlackElo "1466"]
[PlyCount "75"]
[EventDate "2017.??.??"]

1. d4 f5 2. c4 Nf6 3. g3 Nc6 4. Nf3 d6 5. d5 Ne5 6. Qb3 c5 7. Nxe5 dxe5 8. Qb5+
Nd7 9. Bh3 g6 10. e4 fxe4 11. Nc3 Qb6 12. Be3 Qxb5 13. Nxb5 Kd8 14. O-O b6 15.
Rfe1 Nf6 16. Bxc8 Kxc8 17. Bd2 Bg7 18. Nc3 Kd7 19. Nxe4 Nxe4 20. Rxe4 e6 21.
dxe6+ Kxe6 22. Bc3 Kf5 23. Rae1 Rhe8 24. g4+ Kg5 25. h4+ Kxh4 26. Bd2 Rf8 27.
Kg2 Rf4 28. f3 Rd8 29. Bxf4 exf4 30. R1e2 Rd1 31. Rxf4 Bd4 32. Rf7 Rg1+ 33. Kh2
h6 34. Rh7 h5 35. gxh5 gxh5 36. Re4+ Kg5 {Diagram [#]} 37. Rxd4 cxd4 38. Rg7+
1-0

[Event "Mechanics' Peter Grey TNM; G/2 d5"]
[Site "San Francisco"]
[Date "2017.08.15"]
[Round "2.11"]
[White "Hack, Richard"]
[Black "Argo, Guy"]
[Result "1-0"]
[WhiteElo "1608"]
[BlackElo "1969"]
[PlyCount "65"]
[EventDate "2017.??.??"]

1. c4 e5 2. Nc3 Nc6 3. g3 f5 4. d3 Nf6 5. Bg2 Bb4 6. Bd2 O-O 7. Nd5 Bxd2+ 8.
Qxd2 Nd4 9. e3 Ne6 10. Ne2 c6 11. Ndc3 d6 12. O-O Qe8 13. f4 Qh5 14. fxe5 dxe5
15. e4 g6 16. h3 Rd8 17. exf5 gxf5 18. Qe3 Nd7 19. b4 Rf8 20. b5 c5 21. Nd5 Nd4
22. Nxd4 cxd4 23. Qe1 Qg5 24. Nc7 Qe7 25. Nxa8 Nc5 26. Qd2 Be6 27. Rae1 Qd6 28.
Rf2 Rxa8 29. Rfe2 Nxd3 30. Qxd3 e4 31. Bxe4 fxe4 32. Qxe4 Bxc4 33. Qg4+ 1-0

[Event "Mechanics' Fall TNM; G/2 d5"]
[Site "San Francisco"]
[Date "2017.12.05"]
[Round "7.34"]
[White "Hack, Richard"]
[Black "Cunningham, Charles"]
[Result "1-0"]
[WhiteElo "1635"]
[BlackElo "1381"]
[PlyCount "73"]
[EventDate "2017.??.??"]

1. c4 e5 2. Nc3 c6 3. g3 Nf6 4. Bg2 Na6 5. e4 Bb4 6. Nge2 O-O 7. a3 Ba5 8. b4
Bc7 9. O-O b6 10. d4 h6 11. dxe5 Bxe5 12. f4 Bc7 13. Bb2 d6 14. Qd3 Bd7 15. Nd4
Rc8 16. Nf5 Bxf5 17. exf5 Nb8 18. Rad1 Re8 19. Ne4 Nxe4 20. Bxe4 f6 21. Qf3 Qd7
22. g4 Re7 23. b5 cxb5 24. Bd5+ Kf8 25. Be6 Rxe6 26. fxe6 Qxe6 27. cxb5 Rd8 28.
Rfe1 Qd7 29. a4 a6 30. g5 hxg5 31. fxg5 f5 32. Rd5 g6 33. Qc3 Qf7 34. Qh8+ Qg8
35. Qh6+ Kf7 36. Rxf5+ gxf5 37. Qf6# 1-0

[Event "Mechanics' Peter Grey TNM; G/2 d5"]
[Site "San Francisco"]
[Date "2017.08.29"]
[Round "4.15"]
[White "Hack, Richard"]
[Black "Dougal, Michael"]
[Result "0-1"]
[WhiteElo "1608"]
[BlackElo "1914"]
[PlyCount "86"]
[EventDate "2017.??.??"]

1. c4 e5 2. Nc3 Nc6 3. g3 d6 4. Bg2 g6 5. d3 Bg7 6. e4 Nge7 7. Nge2 Be6 8. Be3
Qd7 9. Qd2 O-O 10. h4 Nd4 11. O-O-O Nec6 12. f3 a6 13. Bh6 Bxh6 14. Qxh6 b5 15.
h5 bxc4 16. hxg6 fxg6 17. Nxd4 Nxd4 18. Nd5 Bxd5 19. exd5 Ne2+ 20. Kb1 Nxg3 21.
Bh3 Qg7 22. Be6+ Kh8 23. Qe3 Nxh1 24. Rxh1 cxd3 25. Qxd3 Rab8 26. Rh2 Qf6 27.
Bg4 Rb5 28. Qd2 Rfb8 29. Qc3 Rc5 30. Qd3 Qg5 31. Rh1 Kg7 32. Qd1 Rcb5 33. Rh2
h5 34. Be6 Qe3 35. Rc2 Rc5 36. Rxc5 Qxc5 37. a3 Qxa3 38. Qc2 Qc5 39. Qa4 Qb4
40. Qc2 Kf6 41. Qe2 a5 42. Qc2 a4 43. Qxc7 Qxb2# 0-1

[Event "Mechanics' Spring TNM; G/2"]
[Site "San Francisco"]
[Date "2017.04.04"]
[Round "4.37"]
[White "Hack, Richard"]
[Black "Harris, Clarence"]
[Result "1-0"]
[WhiteElo "1599"]
[BlackElo "1400"]
[PlyCount "57"]
[EventDate "2017.??.??"]

1. c4 Nf6 2. Nc3 g6 3. g3 Bg7 4. Bg2 O-O 5. Nf3 Nc6 6. d3 e5 7. Bd2 Re8 8. e4
d6 9. Qc1 Bd7 10. Nd5 Nxd5 11. cxd5 Nd4 12. Nxd4 exd4 13. Bh6 Bh8 14. O-O Qc8
15. Qc2 Re5 16. Rac1 c5 17. Bf4 Rh5 18. Bxd6 Bh3 19. f3 Bxg2 20. Qxg2 b6 21. g4
Rh4 22. Qg3 Bf6 23. Qf4 Qd8 24. Qg3 Qd7 25. Qf4 Qd8 26. Qg3 Qd7 27. Kg2 g5 28.
b4 h5 29. e5 {and White won shortly. Remaining moves unavailable.} 1-0

[Event "Mechanics' Fall TNM; G/2 d5"]
[Site "San Francisco"]
[Date "2017.11.21"]
[Round "5.32"]
[White "Hack, Richard"]
[Black "Robertson, Terrance"]
[Result "0-1"]
[WhiteElo "1635"]
[BlackElo "1352"]
[PlyCount "50"]
[EventDate "2017.??.??"]

1. c4 Nf6 2. Nc3 e6 3. d4 d5 4. Bg5 Be7 5. e3 O-O 6. Nf3 h6 7. Bh4 b6 8. Rc1
Bb7 9. Bd3 Nbd7 10. Bg3 c5 11. O-O Nh5 12. cxd5 Nxg3 13. fxg3 cxd4 14. exd4
Bxd5 15. Nxd5 exd5 16. Bb5 Nf6 17. Ne5 Qd6 18. a3 Rac8 19. Qe2 Ne4 20. Bd7 Rxc1
21. Rxc1 Bf6 22. Ba4 Bxe5 23. dxe5 Qxe5 24. Kf1 Rd8 25. b4 Qf6+ 0-1

[Event "Mechanics' Spring TNM; G/2"]
[Site "San Francisco"]
[Date "2017.04.18"]
[Round "6.29"]
[White "Hakobyan, Sos"]
[Black "Abraham, Michael D"]
[Result "1/2-1/2"]
[WhiteElo "1843"]
[BlackElo "1527"]
[PlyCount "115"]
[EventDate "2017.??.??"]

1. e4 c5 2. Nf3 d6 3. d4 cxd4 4. Qxd4 Nc6 5. Bb5 Bd7 6. Bxc6 Bxc6 7. Nc3 Nf6 8.
Bg5 e6 9. O-O-O h6 10. Bxf6 Qxf6 11. Qxf6 gxf6 12. Nd4 Rg8 13. g3 O-O-O 14.
Nxc6 bxc6 15. h4 Bg7 16. Rd3 Rd7 17. Rhd1 Rgd8 18. Ne2 d5 19. exd5 cxd5 20.
Rc3+ Rc7 21. Rb3 Kd7 22. Nf4 Rdc8 23. c3 Rc4 24. Rb7+ R8c7 25. Rb8 Rc8 26. Rxc8
Kxc8 27. Kc2 f5 28. Kb3 Kc7 29. Nxd5+ exd5 30. Rxd5 Rc6 31. Rxf5 Rf6 32. Rxf6
Bxf6 33. h5 Kc6 34. Kc4 a5 35. a4 Bd8 36. b4 Bb6 37. f3 f5 38. Kd3 Kd6 39. Kc4
Kc6 40. g4 fxg4 41. fxg4 Bd8 42. bxa5 Bxa5 43. Kd4 Bd8 44. c4 Bf6+ 45. Ke4 Kc5
46. a5 Bd8 47. a6 Kb6 48. Kd5 Kxa6 49. Kd6 Kb7 50. Kd7 Bb6 51. g5 hxg5 52. h6
Bd4 53. h7 Kb6 54. Ke6 g4 55. Kd5 Bh8 56. Ke4 Kc5 57. Kf4 Kxc4 58. Kxg4 1/2-1/2

[Event "Mechanics' Winter TNM; G/2"]
[Site "San Francisco"]
[Date "2017.01.24"]
[Round "4.7"]
[White "Hakobyan, Sos"]
[Black "Askin, Michael"]
[Result "0-1"]
[WhiteElo "1792"]
[BlackElo "2081"]
[Annotator "Donaldson"]
[PlyCount "46"]
[EventDate "2017.??.??"]

1. f4 d5 2. Nf3 g6 3. e3 Bg7 4. g3 c5 5. Bg2 Nc6 6. c3 e5 7. fxe5 Nxe5 8. O-O
Nc6 9. d4 b6 10. dxc5 bxc5 11. c4 Nge7 12. cxd5 Qxd5 13. Qa4 Bd7 14. Nd4 $2 (
14. Nc3) 14... Nxd4 15. Bxd5 Bxa4 16. Bxa8 Nc2 17. Rf4 O-O 18. Rxa4 Rxa8 19.
Rc4 Nxa1 20. Rxc5 Rc8 21. Rxc8+ Nxc8 22. Na3 Bf8 23. Nc4 Nc2 0-1

[Event "Mechanics' Spring TNM; G/2"]
[Site "San Francisco"]
[Date "2017.04.11"]
[Round "5.24"]
[White "Hakobyan, Sos"]
[Black "Boldi, Ethan"]
[Result "0-1"]
[WhiteElo "1843"]
[BlackElo "1865"]
[PlyCount "40"]
[EventDate "2017.??.??"]

1. e4 e6 2. d3 d5 3. Nd2 Nf6 4. Ngf3 Nc6 5. g3 e5 6. b3 Bb4 7. exd5 Nxd5 8. Bb2
Bg4 9. Bg2 Qf6 10. Qe2 Bxd2+ 11. Kxd2 O-O-O 12. h3 Bh5 13. Kc1 Rhe8 14. g4 Nf4
15. Qf1 Nxg2 16. Qxg2 Bg6 17. Ne1 Nd4 18. Bxd4 exd4 19. Kb2 Re2 20. Rf1 Rde8 {
and Black soon won. Remaining moves unavailable.} 0-1

[Event "Mechanics' Summer TNM; G/2 d5"]
[Site "San Francisco"]
[Date "2017.05.30"]
[Round "2.5"]
[White "Hakobyan, Sos"]
[Black "Eren, Baran"]
[Result "0-1"]
[WhiteElo "1822"]
[BlackElo "2260"]
[PlyCount "76"]
[EventDate "2017.??.??"]

1. e4 c5 2. Nf3 e6 3. d3 Nc6 4. a4 d6 5. g3 Nf6 6. Bg2 Be7 7. O-O O-O 8. Re1
Bd7 9. c3 Rc8 10. Qe2 Qc7 11. Na3 a6 12. Bf4 e5 13. Bg5 Be6 14. Nc4 h6 15. Bxf6
Bxf6 16. Ne3 Rfe8 17. h4 Na5 18. Nd5 Bxd5 19. exd5 b5 20. g4 Nb3 21. g5 hxg5
22. Ra3 g4 23. Ng5 Bxg5 24. hxg5 c4 25. Qxg4 Nc5 26. dxc4 Nd3 27. Re3 Qxc4 28.
Qf5 Nf4 29. b3 Qc7 30. axb5 axb5 31. Be4 g6 32. Qg4 Ra8 33. Rxa8 Rxa8 34. Qd1
Ra2 35. Qf1 Qe7 36. Bf3 Qxg5+ 37. Kh2 Qh4+ 38. Kg1 Nh3+ 0-1

[Event "Mechanics' Winter TNM; G/2"]
[Site "San Francisco"]
[Date "2017.02.07"]
[Round "6.27"]
[White "Hakobyan, Sos"]
[Black "Giridharan, Durgashankar"]
[Result "1-0"]
[WhiteElo "1792"]
[BlackElo "1482"]
[PlyCount "67"]
[EventDate "2017.??.??"]

1. e4 c5 2. Nf3 d6 3. Bb5+ Nd7 4. c4 g6 5. d4 cxd4 6. Qxd4 Ngf6 7. O-O Bg7 8.
e5 dxe5 9. Nxe5 O-O 10. Rd1 Qc7 11. Bf4 Qc5 12. Qxc5 Nxc5 13. Nc3 a6 14. Ba4
Nxa4 15. Nxa4 Be6 16. Nc5 Bxc4 17. Nxc4 Rac8 18. Be3 Ng4 19. Nb6 Nxe3 20. fxe3
Rxc5 21. Nd7 Rc2 22. Nxf8 Bxf8 23. Rd8 Kg7 24. b3 e6 25. Rd7 Bc5 26. Rf1 Bxe3+
27. Kh1 Kh6 28. Rdxf7 e5 29. a4 b6 30. h4 Bf4 31. Rb7 Rc6 32. g4 g5 33. h5 Re6
34. Rd1 1-0

[Event "Mechanics' Winter TNM; G/2"]
[Site "San Francisco"]
[Date "2017.01.10"]
[Round "2.13"]
[White "Hakobyan, Sos"]
[Black "Pryor, Jamieson"]
[Result "1-0"]
[WhiteElo "1792"]
[BlackElo "2015"]
[Annotator "Donaldson"]
[PlyCount "97"]
[EventDate "2017.??.??"]

1. e4 c5 2. Nf3 d6 3. Bb5+ Nd7 4. c4 Ngf6 5. Nc3 e6 6. d3 Be7 7. h3 a6 8. Ba4
Rb8 9. O-O O-O 10. Bf4 Qa5 11. Qd2 b5 12. Nd5 Qd8 13. Nxe7+ Qxe7 14. Bc2 e5 15.
Be3 bxc4 16. b3 cxd3 17. Bxd3 d5 18. exd5 e4 19. Bf4 Rb4 20. Rfe1 Nxd5 21. Bxe4
Rxe4 22. Qxd5 Nf6 23. Rxe4 Nxe4 24. Qe5 Qxe5 25. Nxe5 Rd8 26. Nc4 Be6 27. Be3
Rd5 28. Nb6 Rd3 29. Na4 c4 30. bxc4 Bxc4 31. Nb2 Rxe3 $2 (31... Rc3 32. Rd1 f5
33. Rd8+ Kf7 34. Rd7+ Kf8 35. Bd4 Rc1+ 36. Kh2 Bxa2 37. Bxg7+ Ke8 $11) 32. fxe3
Be6 33. Nd3 Kf8 34. a3 a5 35. Rc1 Ke7 36. Nc5 Nxc5 37. Rxc5 a4 38. Kf2 Kd6 39.
Ra5 Bb3 40. Kf3 h5 41. Ke4 h4 42. Kd4 Kc6 43. Rh5 g6 44. Rxh4 Bd5 45. e4 Bb3
46. Rf4 Kd6 47. Rf6+ Ke7 48. e5 Kd7 49. h4 1-0

[Event "Mechanics' Winter TNM; G/2"]
[Site "San Francisco"]
[Date "2017.02.14"]
[Round "7.12"]
[White "Hakobyan, Sos"]
[Black "Uzzaman, Ashik"]
[Result "0-1"]
[WhiteElo "1792"]
[BlackElo "1974"]
[PlyCount "56"]
[EventDate "2017.??.??"]

1. e4 c5 2. Nf3 g6 3. d4 cxd4 4. Qxd4 Nf6 5. e5 Nc6 6. Qa4 Nd5 7. Qe4 Nc7 8.
Bd3 Bg7 9. Nc3 O-O 10. a3 d5 11. Qe2 Bg4 12. Bf4 Ne6 13. Bg3 Bh6 14. h3 Ncd4
15. Qd1 Bxf3 16. gxf3 Rc8 17. h4 Qb6 18. Nxd5 Qa5+ 19. Nc3 Bf4 20. b4 Qxe5+ 21.
Ne2 Nxe2 22. Bxe2 Rfd8 23. Qb1 Rd2 24. O-O Rxe2 25. Bxf4 Nxf4 26. Re1 Nh3+ 27.
Kh1 Nxf2+ 28. Kg1 Nh3+ 0-1

[Event "Mechanics' Winter TNM; G/2"]
[Site "San Francisco"]
[Date "2017.01.17"]
[Round "3.25"]
[White "Handler, Andrew"]
[Black "Delgado, David"]
[Result "0-1"]
[WhiteElo "1817"]
[BlackElo "1603"]
[PlyCount "76"]
[EventDate "2017.??.??"]

1. e4 c5 2. Nc3 d6 3. f4 Nc6 4. Nf3 Nf6 5. Bc4 e6 6. Bb3 a6 7. d4 cxd4 8. Nxd4
Be7 9. Be3 O-O 10. Qe2 Bd7 11. O-O Nxd4 12. Bxd4 Bc6 13. f5 e5 14. Bf2 b5 15.
Rad1 Rc8 16. Nd5 Nxd5 17. Bxd5 Qa5 18. Bb3 b4 19. Qg4 Bb5 20. Rfe1 Bc4 21. Be3
f6 22. Qe2 Bxb3 23. axb3 Rc6 24. Ra1 Qc7 25. Rxa6 Rxc2 26. Qg4 Rxb2 27. Ra7 Qc3
28. Qg3 Rf7 29. Ra8+ Bf8 30. Rb8 Rxb3 31. Bf2 Qc2 32. Qg4 Rb2 33. Qf3 Rc7 34.
Rf1 b3 35. Qh5 Rf7 36. Qd1 Qxe4 37. Qxd6 Rc2 38. Bc5 Qxg2# 0-1

[Event "Mechanics' Winter TNM; G/2"]
[Site "San Francisco"]
[Date "2017.01.03"]
[Round "1.26"]
[White "Handler, Andrew"]
[Black "Harris III, William"]
[Result "1-0"]
[WhiteElo "1817"]
[BlackElo "1175"]
[PlyCount "75"]
[EventDate "2017.??.??"]

1. e4 e5 2. Bc4 Nf6 3. d3 h6 4. Nc3 Bb4 5. Nge2 Nc6 6. O-O Bxc3 7. Nxc3 d6 8.
f4 Bg4 9. Qe1 Nd4 10. Qf2 Qe7 11. Be3 c5 12. f5 a6 13. Nd5 Nxd5 14. Bxd5 h5 15.
Bxd4 cxd4 16. h3 Qg5 17. Qg3 f6 18. Bxb7 Ra7 19. Bd5 g6 20. fxg6 Qxg6 21. Qh4
Qg5 22. Qxg5 fxg5 23. hxg4 hxg4 24. Kf2 Rc7 25. Bb3 Rh2 26. Rh1 Rh4 27. Kg3
Rch7 28. Rxh4 Rxh4 29. Rf1 Rh7 30. Kxg4 Rg7 31. Rf5 Ke7 32. Rxg5 Kf6 33. Rxg7
Kxg7 34. Kf5 a5 35. Ke6 Kg6 36. Kxd6 Kf6 37. g4 a4 38. Bxa4 1-0

[Event "Mechanics' Spring TNM; G/2"]
[Site "San Francisco"]
[Date "2017.04.04"]
[Round "4.25"]
[White "Handler, Andrew"]
[Black "Hilliard, Michael"]
[Result "1/2-1/2"]
[WhiteElo "1817"]
[BlackElo "1465"]
[PlyCount "51"]
[EventDate "2017.??.??"]

1. e4 c6 2. d4 d5 3. exd5 cxd5 4. Bd3 Nc6 5. c3 e6 6. Nf3 Nf6 7. O-O Bd6 8. Qe2
O-O 9. Bg5 Re8 10. Ne5 Be7 11. Nd2 Nxe5 12. dxe5 Nd7 13. Bxe7 Qxe7 14. Nf3 f5
15. Nd4 a6 16. f4 Nc5 17. Rad1 Bd7 18. Kh1 Bc6 19. Rg1 Qh4 20. g4 Ne4 21. Rdf1
Bd7 22. Rg2 Qe7 23. Rfg1 g6 24. gxf5 exf5 25. Qe1 Kf7 26. Qe3 1/2-1/2

[Event "Mechanics' Fall TNM; G/2 d5"]
[Site "San Francisco"]
[Date "2017.12.05"]
[Round "7.32"]
[White "Harris, Clarence"]
[Black "Cendejas, Juan"]
[Result "0-1"]
[WhiteElo "1419"]
[BlackElo "1688"]
[PlyCount "60"]
[EventDate "2017.??.??"]

1. e4 e5 2. Nf3 Nc6 3. Bb5 Bc5 4. O-O Qe7 5. Nc3 Nf6 6. d3 h6 7. Bd2 a6 8. Ba4
O-O 9. Nd5 Nxd5 10. exd5 Nd4 11. c3 Nxf3+ 12. Qxf3 f5 13. Rae1 Qf6 14. d6 Qxd6
15. Bb3+ Kh8 16. Qh5 Kh7 17. Bf7 Qf6 18. Rxe5 d6 19. Re7 Qxe7 20. Bg6+ Kg8 21.
Re1 Qf6 22. Bxh6 gxh6 23. Qxh6 Qg7 24. Qg5 d5 25. d4 Bd6 26. h4 Bd7 27. h5 Be8
28. Re6 Kh8 29. h6 Qg8 30. Qh5 Qxe6 0-1

[Event "Mechanics' Spring TNM; G/2"]
[Site "San Francisco"]
[Date "2017.03.14"]
[Round "1.22"]
[White "Harris, Clarence"]
[Black "Cheng, Alfonso"]
[Result "0-1"]
[WhiteElo "1400"]
[BlackElo "1913"]
[PlyCount "42"]
[EventDate "2017.??.??"]

1. e4 e6 2. d3 d5 3. Nd2 c5 4. Ngf3 Nc6 5. g3 Be7 6. Bg2 g5 7. h4 g4 8. Nh2 h5
9. f4 f5 10. e5 Bd7 11. O-O Qb6 12. c3 O-O-O 13. Re1 Kb8 14. Nhf1 d4 15. Nc4
Qa6 16. Nfd2 b5 17. Qb3 Kc7 18. Bxc6 bxc4 19. Qa4 Qxa4 20. Bxa4 Bxa4 21. Nxc4
dxc3 0-1

[Event "Mechanics' Peter Grey TNM; G/2 d5"]
[Site "San Francisco"]
[Date "2017.09.19"]
[Round "7.40"]
[White "Harris, Clarence"]
[Black "Garfield, Nicholas"]
[Result "0-1"]
[WhiteElo "1422"]
[BlackElo "1192"]
[Annotator "Donaldson"]
[PlyCount "84"]
[EventDate "2017.??.??"]

1. e4 e6 2. d3 d5 3. Nd2 Nf6 4. g3 b6 5. Bg2 Bb7 6. Ngf3 Be7 7. O-O O-O 8. Re1
Nbd7 9. e5 Ne8 10. h4 h6 11. Nf1 c5 12. N1h2 Qc7 13. Bf4 g5 14. hxg5 hxg5 15.
Nxg5 Bxg5 16. Bxg5 Nxe5 17. Bf4 f6 18. Ng4 Qh7 19. Nxe5 fxe5 20. Bxe5 Qf5 21.
Qd2 Rf7 22. Qe2 (22. Bf4 {with Re5 to follow was a knockout blow.}) 22... d4
23. Bxb7 Rxb7 24. Qe4 Rf7 25. Re2 Rd8 26. Kg2 Nd6 27. Qh4 Qf3+ 28. Kf1 Rh7 29.
Qxd8+ Kf7 30. Qd7+ Kg6 31. Qxe6+ Kh5 32. g4+ Kh4 33. Bg3+ Kh3 34. g5+ Nf5 35.
Ke1 (35. Re4) 35... Re7 36. Qxe7 (36. Qxf5+ Qxf5 37. Rxe7) 36... Nxe7 37. Rxe7
(37. Kd2) 37... Qh1+ 38. Kd2 Qxa1 39. Rxa7 $4 (39. g6 Qxb2 40. g7 Qc3+ 41. Kd1
Qa1+ 42. Ke2 Qxa2 43. Bf4 Qg8 (43... Qxc2+ 44. Bd2 Qa2 45. Re8) 44. Be5 a5 45.
Rb7 Qa2 46. Kd2 Qd5 47. Rb8) 39... Qxb2 40. g6 Qb5 $4 (40... c4 41. dxc4 Qc3+
42. Kd1 d3) 41. Re7 (41. g7 Qe8 42. Be5 Qd8 43. f4 Qd5 44. Rb7 {
with the unstopable threat of Rb8.}) 41... c4 42. Be5 $4 (42. Re5 $11) 42...
Qb4+ 0-1